00503nam a2200193 a 4500001001300000003000900013005001700022008004100039020001100080082001600091100001700107245004900124260002900173300001000202500003500212505002700247650001800274700001700292nice12345678IN_TiNIC20260116011330.0050524s1966 leia grp 000 0 eng  ac7.1200a297.09bGOI aGoitein, S D aStudies in Islamic History and Institutions. aLeidenbE.J. Brillc1966 a391p. aincludes index and biblioraphy2 aAppendix, Bibliography aIslam-History1 aGoitein, S D